| 000 | 00643nam a22002297a 4500 | ||
|---|---|---|---|
| 003 | UA-OsUOA | ||
| 001 | 92771 | ||
| 007 | ta | ||
| 008 | 20121225b un ||||| |||| 00| 0 ukr d | ||
| 100 | _aБогданов-Березовский В. | ||
| 090 |
_a821.161.1 _bБ73 |
||
| 942 | _cBK | ||
| 040 |
_aUA-OsUOA _brus _cUA-OsUOA _dUA-OsUOA |
||
| 245 |
_aДороги искусства _bКн 1 _c(1903-1945) |
||
| 300 | _a279 с. | ||
| 955 | _a3 | ||
| 041 | _arus | ||
| 080 | _a821.161.1 | ||
| 260 |
_aЛенинград _bМузыка _c1971 |
||
| 650 | 7 |
_a82 Література. Літературознавство _2UDC |
|
| 999 |
_c379216 _d379216 |
||